| 000 | 00598nam a22002177a 4500 | ||
|---|---|---|---|
| 001 | 00028688 | ||
| 005 | 20260401100021.0 | ||
| 008 | 260401b ag ||||| |||| 00| 0 spa d | ||
| 020 | _a8401009855 | ||
| 040 |
_aAR-CcCEOS _bspa _cAR-CcCEOS |
||
| 041 | _aspa | ||
| 080 | _a820-3(62) | ||
| 090 | _bMAH | ||
| 100 | 1 |
_aMaḥfūẓ, Najīb, _d1911-2006 _91002 |
|
| 245 |
_aLas noches de las mil y una noches / _cNaguib Mahfuz |
||
| 250 | _a1ª ed. | ||
| 264 |
_aBarcelona : _bPlaza & Janes, _cc1996. |
||
| 300 |
_a251 p. ; _c24x15 cm. |
||
| 655 | 0 |
_aliteratura egipcia _91003 |
|
| 942 |
_2udc _cBK _n0 |
||
| 999 |
_c28721 _d28721 |
||